000 00833nam a2200301Ia 4500
001 A8005
003 IT-RoPAU
008 130308s9999 xx 000 0 und d
040 _aIT-RoPAU
040 _cIT-RoPAU
041 _aINGLESE
100 _aFeuer Jane
100 _gCodice Aut. SPICS: 7114
245 _aDaughter Rite: Living With our Pain and Love
245 _bFilms For Women
250 _a2a ed.
260 _aLONDON
260 _bBritish Film Institute
260 _c1987 [1° Ed.:1986 - Ed.Ling.Originale:1980]
300 _a"7 p. (prefazione: no ; testo: 7 [pagine: 24-30])"
500 _a"Note a Proposito del Film ""Daughter Rite"" di Michelle Citron."
650 _aGENERI CINEMATOGRAFICI
650 _eCodice materia Spics: 6810
942 _cBK
957 _71
999 _c54692
_d54692
999 _bSI
999 _g1